<?xml version="1.0" encoding="UTF-8"?>
<collection xmlns="http://www.loc.gov/MARC21/slim">
 <record>
  <leader>00547pamaa2200157   4500</leader>
  <controlfield tag="001">0000017267</controlfield>
  <controlfield tag="005">20070321090000.0</controlfield>
  <datafield tag="020" ind1="0" ind2="0">
   <subfield code="a">094338107X </subfield>
  </datafield>
  <datafield tag="090" ind1="0" ind2="0">
   <subfield code="a">Z118 </subfield>
   <subfield code="b">BEA 1992</subfield>
  </datafield>
  <datafield tag="100" ind1="1" ind2="0">
   <subfield code="a">BEACH </subfield>
  </datafield>
  <datafield tag="245" ind1="1" ind2="0">
   <subfield code="a">Graphically speaking : </subfield>
   <subfield code="b">an illustrated guide to the working language of design and printing  </subfield>
   <subfield code="c">Mark Beach.</subfield>
  </datafield>
  <datafield tag="260" ind1="0" ind2="0">
   <subfield code="a">Manzanita, OR: </subfield>
   <subfield code="b">ELK Ridge Pub., </subfield>
   <subfield code="c">1992.</subfield>
  </datafield>
  <datafield tag="300" ind1=" " ind2=" ">
   <subfield code="a">vi, 322p.: </subfield>
   <subfield code="b">23cm.</subfield>
  </datafield>
  <datafield tag="650" ind1="0" ind2="0">
   <subfield code="a">Printing -- </subfield>
   <subfield code="x">Dictionaries -- </subfield>
   <subfield code="x">Spanish </subfield>
  </datafield>
  <datafield tag="650" ind1="0" ind2="0">
   <subfield code="a">Graphic arts -- </subfield>
   <subfield code="x">Dictionaries </subfield>
  </datafield>
  <datafield tag="650" ind1="0" ind2="0">
   <subfield code="a">Spanish language -- </subfield>
   <subfield code="x">Dictionaries -- </subfield>
   <subfield code="x">English </subfield>
  </datafield>
 </record>
</collection>
